LEADER 01036nam--2200385---450- 001 990003141340203316 005 20080909114037.0 035 $a000314134 035 $aUSA01000314134 035 $a(ALEPH)000314134USA01 035 $a000314134 100 $a20080909d1964----km-y0itay0103----ba 101 $aita 102 $aIT 105 $aa|||||||001yy 200 1 $aHenri Matisse$f[testi di Jean Leymarie] 210 $aMilano$cFabbri$dcopyr. 1964 215 $a[8] p., XVI p. di tav.$cill.$d36 cm 225 2 $a<> maestri del colore$v50 410 0$12001$a<> maestri del colore$v50 454 1$12001 461 1$1001-------$12001 517 $aMatisse 600 0 $aMatisse,$bHenri 676 $a759.4 700 1$aMATISSE,$bHenri$035138 702 1$aLEYMARIE,$bJean 801 0$aIT$bsalbc$gISBD 912 $a990003141340203316 951 $aV A 1 MC XXV$b735 DBC$cV A 959 $aBK 969 $aDBC 979 $aDBC$b90$c20080909$lUSA01$h1140 996 $aHenri Matisse$9601978 997 $aUNISA